000 00687nam a2200265Ia 4500
005 20260121172107.0
008 008 260114s9999 xx 000 0 eng d
020 _a9789811579189
037 _aEBOOK
040 _aCRL
040 _beng
040 _cCRL
041 _2eng
041 _aeng
084 _qCRL
100 _aAmit Kumar, Ajit Kumar Saxena, Gwo Giun (Chris) Lee, Amita Kashyap, G. Jyothsna
_91084182
245 0 _aNovel Coronavirus 2019
260 _bSpringer
260 _bSpringer
260 _c2020
856 _uhttps://link.springer.com/openurl?genre=book&isbn=978-981-15-7918-9
942 _cEBOOK
999 _c1649916
_d1649916